| 000 | 00456nam a2200181Ia 4500 | ||
|---|---|---|---|
| 005 | 20250508153409.0 | ||
| 008 | 008 250505s9999 xx 000 0 hin d | ||
| 037 | _aTextual | ||
| 040 |
_aFEDL _beng _cFEDL |
||
| 041 |
_ahin _2eng |
||
| 084 |
_a943, MAL _qFEDL |
||
| 100 |
_aMalviya Harsh Dev _9763880 |
||
| 245 | 0 | _aNaya Garmany naya itihas | |
| 260 | _c1964 | ||
| 300 | _a165p. | ||
| 942 |
_cTEXL _h943, MAL |
||
| 999 |
_c1342559 _d1342559 |
||